Statistics for 10 Famous People Named Michelle

Click here to take the quiz!

General Stats

  • This quiz has been taken 79 times
  • The average score is 4 of 10

Answer Stats

HintAnswer% Correct
She published "Becoming" in 2018Michelle Obama
92%
First East Asian to win the Oscars for Best Actress,
she won from "Everything Everywhere All at Once"
Michelle Yeoh
58%
Former Destiny's Child member or the star of "Blue Valentine" (they share the same name)Michelle Williams
53%
Portrayed Elvira in "Scarface"Michelle Pfeiffer
52%
Portrayed Van Diesel's girlfriend in the "Fast and Furious" franchiseMichelle Rodriguez
38%
Figure-skating silver medalistMichelle Kwan
37%
"The Mamas & the Papas" memberMichelle Phillips
30%
Korean-American golf prodigy who went pro at age 15Michelle Wie
16%
Portrayed Ethan Hunt's wife in Mission: Impossible IIIMichelle Monaghan
10%
Republican Minnesota representative who founded the Tea Party CaucusMichele Bachmann
8%

Score Distribution

Percentile by Number Answered

Percent of People with Each Score

Your Score History

You have not taken this quiz